000 00489nam a2200169Ia 4500
999 _c21225
_d21225
003 OSt
005 20200616102558.0
008 190216s9999||||xx |||||||||||||| ||und||
020 _a9788126132256
040 _coclc
082 _a301.0954
_bAHM/I
100 _aAhmad, Shehzad
_92945
245 0 _aIndian Social System /
_cShehzad Ahmad
260 _bAnmol Publications,
_c2008.
_aNew Delhi:
300 _a307p
942 _cBK
_2ddc
_h301.0954
_iAHM/I
_k301.0954
_mAHM/I